000 00803nam a2200289Ia 4500
001 33361
003 IT-RoPAU
008 130308s9999 xx 000 0 und d
040 _aIT-RoPAU
040 _cIT-RoPAU
041 _aITALIANO
100 _aBaudrillard Jean
100 _gCodice Aut. SPICS: 9442
245 _aAl di là del sistema degli oggetti. L'estasi della comunicazione
245 _bOggetti, Arredamento e Comunicazione Sociale
250 _a1a ed.
260 _aNAPOLI
260 _bLiguori
260 _c1985 [1° Ed.:1985 - Ed.Ling.Originale:1985]
300 _a"11 p. (prefazione: no ; testo: 11 [pagine: 37-47])"
650 _aSAGGI DI COMUNICAZIONE SOCIALE
650 _eCodice materia Spics: 3807
942 _cBK
957 _71
999 _c44630
_d44630
999 _bSI
999 _g1